Devine le pays européen à partir de son domaine internet - Statistiques

Statistiques générales
  • Ce quiz a été pris 40 fois
  • Le résultat moyen est 36 sur 45
Statistiques - réponses
Domaine Pays % Correct
be Belgique
100%
es Espagne
100%
fi Finlande
100%
fr France
100%
hu Hongrie
100%
de Allemagne
97%
bg Bulgarie
97%
is Islande
97%
it Italie
97%
pt Portugal
97%
dk Danemark
94%
ro Roumanie
94%
ru Russie
94%
lt Lituanie
91%
pl Pologne
91%
cz République Tchèque
91%
at Autriche
88%
gr Grèce
88%
uk Royaume-Uni
88%
ch Suisse
88%
al Albanie
85%
ee Estonie
85%
no Norvège
85%
ad Andorre
82%
ie Irlande
82%
lv Lettonie
79%
lu Luxembourg
79%
va Vatican
79%
by Biélorussie
76%
nl Pays-bas
76%
sk Slovaquie
76%
mc Monaco
70%
si Slovénie
70%
ua Ukraine
70%
li Liechtenstein
67%
mk Macédoine du Nord
67%
se Suède
67%
mt Malte
61%
hr Croatie
58%
md Moldavie
58%
sm Saint-Marin
58%
xk Kosovo
52%
me Monténégro
52%
rs Serbie
48%
ba Bosnie-Herzégovine
45%
Aucun quiz correspondant
Distribution des résultats
% des personnes avec chaque résultat
Percentile par nombre de réponses
Votre historique - résultats
Vous n’avez pas pris ce quiz